Oxford Greek-English learner's dictionary

Αποθηκεύτηκε σε:
Λεπτομέρειες βιβλιογραφικής εγγραφής
Κύριος συγγραφέας: Σταυρόπουλος, Δ. Ν.
Άλλοι συγγραφείς: Σταυρόπουλος, Γ. Ν. (Επιμελητής έκδοσης)
Μορφή: Βιβλίο
Γλώσσα:Greek
English
Δημοσίευση: Oxford : Oxford University Press, c2003
Θέματα:
Ετικέτες: Προσθήκη ετικέτας
Δεν υπάρχουν, Καταχωρήστε ετικέτα πρώτοι!

MARC

LEADER 00000nam a2200000 i 4500
001 1/68533
008 931201s2003 gre d
020 |a 0-19-431199-6 
035 |a ΛΕΣΒΟΣb10002087  |l 10002087 
040 |a GR-MY-UA  |b gre  |e aacr 
041 0 |a gre  |a eng  |a eng 
082 0 |a 489.3321 
100 1 |a Σταυρόπουλος, Δ. Ν. 
245 1 0 |a Oxford Greek-English learner's dictionary /  |c D. N. Stavropoulos ; edited by G.N. Stavropoulos 
260 |a Oxford :   |b Oxford University Press,   |c c2003 
300 |a iv, 1019 σ. 
500 |a 14η ανατύπωση 2003 
650 0 0 |a Greek language, Modern  |x Dictionaries  |x English. 
700 1 |a Σταυρόπουλος, Γ. Ν.  |4 edt 
852 |a INST  |b LESVOS  |e 19931201  |h 489.3321 ΣΤΑ  |p 005100016045  |q 005100016045  |t REF  |y 23 
852 |a INST  |b LESVOS  |e 19990528  |h 489.3321 ΣΤΑ  |p 005100016074  |q 005100016074  |t REF  |y 23 
852 |a INST  |b LESVOS  |e 20031026  |h 489.3321 ΣΤΑ  |p 005100024784  |q 005100024784  |t REF  |y 23 
901 |a BIBL1-1999-2 
901 |a BIBL1-2003-3 
909 |a Λ  |b 064173 
909 |a Λ  |b 032454 
909 |a Λ  |b 106585 
922 |a 1ΕΛΗ  |b 199902  |c ΚΠΣ/ΚΥΒ  |d LEADER 
922 |a 1ΕΛΗ  |b 200310  |c ΤΑΚ/ΚΥΒ  |d ΠΑΠΑΣΩΤΗΡΙΟΥ 
950 |a 023-1998-09-14 
950 |a 023-2003-09-25